000
00348nam a2200133 a 4500
005
20140414093836.0
008
030611s19uu xx 00 eng d
050
_a
CDR 418
_b
MUL 1996c2
245
_a
Multimedia vocabulary.
650
_a
English language
_x
Vocabularies
_x
Interactive videos.
942
_c
AVM
999
_c
109019
_d
109019